<?xml version="1.0" encoding="UTF-8"?><?xml-stylesheet type="text/xsl" href="static/style.xsl"?><OAI-PMH xmlns="http://www.openarchives.org/OAI/2.0/" xmlns:xsi="http://www.w3.org/2001/XMLSchema-instance" xsi:schemaLocation="http://www.openarchives.org/OAI/2.0/ http://www.openarchives.org/OAI/2.0/OAI-PMH.xsd"><responseDate>2026-04-14T06:10:03Z</responseDate><request verb="GetRecord" identifier="oai:www.recercat.cat:20.500.12327/1885" metadataPrefix="marc">https://recercat.cat/oai/request</request><GetRecord><record><header><identifier>oai:recercat.cat:20.500.12327/1885</identifier><datestamp>2025-10-22T11:15:11Z</datestamp><setSpec>com_2072_4428</setSpec><setSpec>com_2072_4427</setSpec><setSpec>col_2072_487898</setSpec></header><metadata><record xmlns="http://www.loc.gov/MARC21/slim" xmlns:dcterms="http://purl.org/dc/terms/" xmlns:xsi="http://www.w3.org/2001/XMLSchema-instance" xmlns:doc="http://www.lyncode.com/xoai" xsi:schemaLocation="http://www.loc.gov/MARC21/slim http://www.loc.gov/standards/marcxml/schema/MARC21slim.xsd">
   <leader>00925njm 22002777a 4500</leader>
   <datafield ind2=" " ind1=" " tag="042">
      <subfield code="a">dc</subfield>
   </datafield>
   <datafield ind2=" " ind1=" " tag="720">
      <subfield code="a">Quintanilla-Casas, Beatriz</subfield>
      <subfield code="e">author</subfield>
   </datafield>
   <datafield ind2=" " ind1=" " tag="720">
      <subfield code="a">Rinnan, Åsmund</subfield>
      <subfield code="e">author</subfield>
   </datafield>
   <datafield ind2=" " ind1=" " tag="720">
      <subfield code="a">Romero, Agustí</subfield>
      <subfield code="e">author</subfield>
   </datafield>
   <datafield ind2=" " ind1=" " tag="720">
      <subfield code="a">Guardiola, Francesc</subfield>
      <subfield code="e">author</subfield>
   </datafield>
   <datafield ind2=" " ind1=" " tag="720">
      <subfield code="a">Tres, Alba</subfield>
      <subfield code="e">author</subfield>
   </datafield>
   <datafield ind2=" " ind1=" " tag="720">
      <subfield code="a">Vichi, Stefania</subfield>
      <subfield code="e">author</subfield>
   </datafield>
   <datafield ind2=" " ind1=" " tag="720">
      <subfield code="a">Bro, Rasmus</subfield>
      <subfield code="e">author</subfield>
   </datafield>
   <datafield ind2=" " ind1=" " tag="260">
      <subfield code="c">2022-06-29</subfield>
   </datafield>
   <datafield ind2=" " ind1=" " tag="520">
      <subfield code="a">Unlike other food products, virgin olive oil must undergo an organoleptic assessment that is currently based on a trained human panel, which presents drawbacks that might affect the efficiency and robustness. Therefore, disposing of instrumental methods that could serve as screening tools to support sensory panels is of paramount importance. The present work aimed to explore excitation-emission fluorescence spectroscopy (EEFS) to predict bitterness and pungency, since both attributes are related with fluorophore compounds, such as polar phenols. Bitterness and pungency intensities of 250 samples were provided by an official sensory panel and used to build and compare partial least squares regressions (PLSR) with the excitation-emission matrix. Both PARAFAC scores and two-way unfolded data led to successful PLSR. The most relevant PARAFAC scores agreed with virgin olive oil phenolic spectra, evidencing that EEFS would be the fit-for-purpose screening tool to support the sensory panel.</subfield>
   </datafield>
   <datafield ind1="8" ind2=" " tag="024">
      <subfield code="a">Quintanilla-Casas, Beatriz, Åsmund Rinnan, Agustí Romero, Francesc Guardiola, Alba Tres, Stefania Vichi, and Rasmus Bro. 2022. "Using Fluorescence Excitation-Emission Matrices To Predict Bitterness And Pungency Of Virgin Olive Oil: A Feasibility Study". Food Chemistry 395: 133602. doi:10.1016/j.foodchem.2022.133602.</subfield>
   </datafield>
   <datafield ind1="8" ind2=" " tag="024">
      <subfield code="a">0308-8146</subfield>
   </datafield>
   <datafield ind1="8" ind2=" " tag="024">
      <subfield code="a">http://hdl.handle.net/20.500.12327/1885</subfield>
   </datafield>
   <datafield ind1="8" ind2=" " tag="024">
      <subfield code="a">https://doi.org/10.1016/j.foodchem.2022.133602</subfield>
   </datafield>
   <datafield ind2="0" ind1="0" tag="245">
      <subfield code="a">Using fluorescence excitation-emission matrices to predict bitterness and pungency of virgin olive oil: A feasibility study</subfield>
   </datafield>
</record></metadata></record></GetRecord></OAI-PMH>